| 000 | 00784cab a2200229 4500 | ||
|---|---|---|---|
| 001 | WB3330-35 | ||
| 008 | 090401t1997 xxu||||| |||| 00| 0 eng d | ||
| 035 | _a(Sirsi) u79981 | ||
| 041 | _aeng | ||
| 245 | _aPlanning and affordable housing circular | ||
| 260 | _c1997 | ||
| 350 | _a0 | ||
| 490 |
_aDOE Press Release _v(295/ENV) 24 July 1997 (2) |
||
| 520 | _aThe DoE has issued a draft revised circular on planning and affordable housing which proposes to lower the thresholds below which local authorities should not seek an element of affordable housing. | ||
| 650 |
_aAffordable housing _96215 |
||
| 650 | _aCONSULTATION | ||
| 650 | _aLOCAL AUTHORITIES | ||
| 650 | _aREVISED CIRCULAR 13/96 | ||
| 690 | _aPLANNING LAW AND PRACTICE | ||
| 942 | _n0 | ||
| 948 | _c29/07/1997 | ||
| 999 |
_c50335 _d50335 |
||